000 00349nam a2200145Ia 4500
008 191201s2011 xx 000 0 und d
082 _a624.1834
_bGAC
100 _aGAMBHIR,ML
245 0 _aConcrete technology theory and practice
250 _a5th
260 _aN. delhi
_bTMH
_c2011
300 _a774
650 _aB.Tech(CE)
942 _2ddc
_cBK
_03
999 _c5724
_d5724